7 a 37 divov sveta /

Main Author: Možejko, Igor' Vsevolodovič, 1934-2003
Language: Slovak
Published: Bratislava : Obzor, 1984
Edition: 2. vyd.
Series: Periskop (Obzor)
Physical Description: 296 s., obr. příl. : il.
Book
Saved in:
LEADER 00872nam a22003012a 4500
001 000352620
003 CZ BrMZK
005 20110412131910.0
007 ta
008 980105s1984 xo af f slo d
040 |a BOA001  |b cze  |d BOA001 
041 1 |a slo  |h rus 
080 9 |a 904:72(3 
080 9 |a 5 
080 9 |a 72.032 
100 1 |a Možejko, Igor' Vsevolodovič,  |d 1934-2003  |7 jn19992019627  |4 aut 
245 1 0 |a 7 a 37 divov sveta /  |c Igor' V. Možejko 
250 |a 2. vyd. 
260 |a Bratislava :  |b Obzor,  |c 1984 
300 |a 296 s., obr. příl. :  |b il. 
490 1 |a Periskop 
500 |a Přeloženo z ruštiny 
765 0 |t 7 a 37 divov sveta  |9 Slovensky 
830 0 |a Periskop (Obzor) 
910 |a BOA001  |b 2-0848.286-84 
990 |a BK 
991 |b 201009 
996 7 |b 2619812223  |c 2-0848.286-84  |l MZK  |r Sklad / do 1 hodiny  |n 2  |w 000352620  |u 000010  |a 1  |e BOA001  |j MZK50  |s A